00735nam a2200145Ia 4500008004100000020001800041082002100059245020100080250000600281260006000287300001100347500002800358650003400386700016900420120622s9999 xx 000 0 und d a968-18-5005-X aC 909 A881h 1995 aAtlas de historia universal contemporánea : cuarto año de bachillerato / Guillermina González de Lemoine, Elvira López Machorro, Rosa María Parcero López y Humberto Sánchez Córdova a3 aMéxico : UNAM, Escuela Nacional Preparatoria ; Limusa a131 p. aIincluye bibliografía a1. HISTORIA UNIVERSAL - ATLAS aGonzález de Lemoine, Guillermina ; coaut. \ López Machorro, Elvira ; coaut. \ Parcero López, Rosa María ; coaut. \ Sánchez Córdova, Humberto ; coaut.Ì